[Event "AUTO-MASTER-549"]
[Site "http://www.queenalice.com/game.php?id=515952"]
[Date "2009.1.2"]
[Round "2"]
[White "Katarrov"]
[Black "MAGALINGsaROMANSAngChicks"]
[Result "0-1"]
[WhiteElo "2015"]
[BlackElo "1993"]

1. e4 e6 2. d4 d5 3. e5 c5 4. c3 Qb6 5. Nf3 Nc6 6. Bd3 Bd7 7. Bc2 cxd4 8. cxd4
Rc8 9. O-O Nb4 10. Nc3 Nxc2 11. Qxc2 Bb5 12. Re1 Bb4 13. a3 Bxc3 14. bxc3 Ne7
15. Rb1 Qc6 16. Bb2 Qa6 17. Ng5 h6 18. Nf3 Bd3 19. Qd2 Bxb1 20. Rxb1 Nf5 21. Qe1
b5 22. Nd2 O-O 23. Nb3 Qb7 24. Nc5 Qe7 25. Qe2 Rfe8 26. f4 Qh4 0-1

[Event "AUTO-MASTER-549"]
[Site "http://www.queenalice.com/game.php?id=515955"]
[Date "2009.1.2"]
[Round "2"]
[White "philipp84lemke"]
[Black "Katarrov"]
[Result "1-0"]
[WhiteElo "2243"]
[BlackElo "2029"]

1. d4 d5 2. c4 c6 3. Nc3 e6 4. Nf3 Nf6 5. Bg5 Be7 6. e3 O-O 7. Bd3 Nbd7 8. cxd5
cxd5 9. O-O a6 10. Rc1 b5 11. Bb1 h6 12. Bh4 Nh5 13. Bxe7 Qxe7 14. Ne5 Nhf6 15.
e4 dxe4 16. Nxe4 Rb8 17. Rc7 Rd8 18. Nc6 Qe8 19. Nxb8 Nxb8 20. Nxf6+ gxf6 21.
Qc2 f5 22. Re1 Qf8 23. d5 Bd7 24. Re3 Rc8 25. g4 1-0

[Event "AUTO-MASTER-549"]
[Site "http://www.queenalice.com/game.php?id=515956"]
[Date "2009.1.2"]
[Round "2"]
[White "Katarrov"]
[Black "philipp84lemke"]
[Result "0-1"]
[WhiteElo "2022"]
[BlackElo "2249"]

1. e4 e5 2. Nf3 Nc6 3. d4 exd4 4. Nxd4 Bc5 5. Nxc6 Qf6 6. Qf3 dxc6 7. Qxf6 Nxf6
8. Bd3 O-O 9. O-O Re8 10. Nc3 Be6 11. Bg5 Nd7 12. Kh1 Ne5 13. f4 Nxd3 14. cxd3
f6 15. Bh4 Rad8 16. f5 Bf7 17. Bg3 Rxd3 18. Bxc7 Bc4 19. Rfd1 Re7 20. Bg3 Bb4
21. Rac1 Bxc3 22. bxc3 Rxe4 23. Rxd3 Bxd3 24. Bb8 a5 0-1

[Event "AUTO-ADV-1715"]
[Site "http://www.queenalice.com/game.php?id=756157"]
[Date "2010.4.4"]
[Round "1"]
[White "Katarrov"]
[Black "coutovet"]
[Result "0-1"]
[WhiteElo "1922"]
[BlackElo "1808"]

1. e4 e5 2. Nf3 d6 3. d4 exd4 4. Nxd4 c5 5. Nf3 h6 6. Be2 Nf6 7. e5 Nfd7 8. exd6
Nb6 9. Nc3 Qxd6 10. Qxd6 Bxd6 11. Nb5 Ke7 12. Nxd6 Kxd6 13. Bf4+ Ke7 14. O-O-O
Nc6 15. Bd6+ Ke6 16. Bxc5 Nd7 17. Be3 Nde5 18. Nxe5 Nxe5 19. Rhe1 Bd7 20. f4 Nc6
21. Bg4+ f5 0-1

[Event "AUTO-ADV-1715"]
[Site "http://www.queenalice.com/game.php?id=756158"]
[Date "2010.4.4"]
[Round "1"]
[White "coutovet"]
[Black "Katarrov"]
[Result "1-0"]
[WhiteElo "1829"]
[BlackElo "1901"]

1. e4 e5 2. Nf3 Nc6 3. d4 exd4 4. Nxd4 Nf6 5. Nxc6 dxc6 6. Qxd8+ Kxd8 7. Bd3 Bd6
8. Bg5 h6 9. Bxf6+ gxf6 10. a3 Ke7 11. Nc3 b5 12. O-O Rg8 13. f4 Bh3 14. Rf2 Bc5
15. g3 Bxf2+ 16. Kxf2 a6 17. f5 Rad8 18. b4 h5 19. Ne2 Bg4 20. Nf4 h4 21. a4 1-0

[Event "AUTO-ADV-1715"]
[Site "http://www.queenalice.com/game.php?id=756161"]
[Date "2010.4.4"]
[Round "1"]
[White "Katarrov"]
[Black "Tourinho"]
[Result "0-1"]
[WhiteElo "1974"]
[BlackElo "1701"]

1. e4 e5 2. Nf3 Nc6 3. Bb5 Nge7 4. O-O a6 5. Ba4 b5 6. Bb3 h6 7. a4 bxa4 8. Rxa4
d6 9. d4 Bg4 10. h3 Bh5 11. Nxe5 dxe5 0-1

[Event "AUTO-ADV-1715"]
[Site "http://www.queenalice.com/game.php?id=756162"]
[Date "2010.4.4"]
[Round "1"]
[White "Tourinho"]
[Black "Katarrov"]
[Result "1-0"]
[WhiteElo "1728"]
[BlackElo "1947"]

1. d4 d5 2. c4 c6 3. Nf3 e6 4. Bf4 Nf6 5. Bg5 Nbd7 6. Nc3 dxc4 7. e3 b5 8. a4
Qb6 9. a5 Qc7 10. Be2 Bd6 11. O-O 1-0

[Event "AUTO-ADV-1898"]
[Site "http://www.queenalice.com/game.php?id=831271"]
[Date "2010.9.11"]
[Round "1"]
[White "Katarrov"]
[Black "maurice91"]
[Result "0-1"]
[WhiteElo "1892"]
[BlackElo "1754"]

1. e4 c6 2. d4 d5 3. Nd2 dxe4 4. Nxe4 Bf5 5. Ng3 Bg6 6. h4 h6 7. Nf3 e6 8. h5
Bh7 9. Bf4 Nf6 10. Bc4 Nbd7 11. Qd2 Nd5 12. Bxd5 cxd5 13. Ne5 Rc8 14. c3 Be7 15.
Qe2 Nxe5 16. Qxe5 Bf6 17. Qe2 Qe7 18. Qb5+ Qd7 19. Qxd7+ Kxd7 20. Rc1 b5 21. a3
a6 22. Ne2 Rhd8 0-1

[Event "AUTO-ADV-1898"]
[Site "http://www.queenalice.com/game.php?id=831272"]
[Date "2010.9.11"]
[Round "1"]
[White "maurice91"]
[Black "Katarrov"]
[Result "1-0"]
[WhiteElo "1776"]
[BlackElo "1870"]

1. c4 e5 2. Nc3 Nf6 3. e4 c6 4. Nf3 d6 5. d3 Be7 6. h3 O-O 7. Be3 Nbd7 8. Be2 b6
9. O-O Bb7 10. b4 a6 11. a3 h6 12. Rb1 a5 13. Qd2 axb4 14. axb4 Qc7 15. Rb2 Rfb8
16. Rfb1 c5 17. b5 Nf8 18. Nh2 Bc8 19. Nd5 Nxd5 20. exd5 Ng6 21. Bf3 f5 22. Qd1
1-0

[Event "AUTO-ADV-1898"]
[Site "http://www.queenalice.com/game.php?id=831273"]
[Date "2010.9.11"]
[Round "1"]
[White "Katarrov"]
[Black "damanegra64"]
[Result "1-0"]
[WhiteElo "1869"]
[BlackElo "1775"]

1. e4 c5 2. Nf3 e6 3. d4 cxd4 4. Nxd4 Nc6 5. Be2 Nf6 6. Nc3 Qc7 7. O-O a6 8. a3
d6 9. Be3 Be7 10. f3 b5 11. Na2 Bb7 12. Nxc6 Qxc6 13. c3 O-O 14. Nb4 Qc7 15. Rc1
d5 16. exd5 Nxd5 17. Nxd5 1-0

[Event "AUTO-ADV-1898"]
[Site "http://www.queenalice.com/game.php?id=831274"]
[Date "2010.9.11"]
[Round "1"]
[White "damanegra64"]
[Black "Katarrov"]
[Result "0-1"]
[WhiteElo "1763"]
[BlackElo "1881"]

1. e4 e5 2. Nf3 Nc6 3. Bb5 a6 4. Ba4 Nf6 5. O-O Be7 6. Re1 b5 7. Bb3 O-O 8. c3
Na5 9. Bc2 d6 10. h3 Bb7 11. d4 exd4 12. cxd4 Rc8 13. Nbd2 Nc6 14. Nf1 Na7 15.
Ng3 c5 16. d5 Qc7 0-1

[Event "AUTO-ADV-1898"]
[Site "http://www.queenalice.com/game.php?id=831275"]
[Date "2010.9.11"]
[Round "1"]
[White "Katarrov"]
[Black "serginh0w"]
[Result "0-1"]
[WhiteElo "1850"]
[BlackElo "2005"]

1. e4 c5 2. Nf3 Nc6 3. d4 cxd4 4. Nxd4 g6 5. c3 d6 6. Be2 Bg7 7. Be3 Nf6 8. f3
O-O 9. O-O Bd7 10. Na3 Rc8 11. Nac2 a6 12. Nxc6 Rxc6 13. Nb4 Rc8 14. Nd5 Nxd5
15. Qxd5 b5 16. Qd2 Qc7 17. Rac1 Be6 18. a3 Bc4 19. Bxc4 Qxc4 20. Rfd1 Rfe8 21.
Qd5 Qxd5 0-1

[Event "AUTO-ADV-1898"]
[Site "http://www.queenalice.com/game.php?id=831276"]
[Date "2010.9.11"]
[Round "1"]
[White "serginh0w"]
[Black "Katarrov"]
[Result "1-0"]
[WhiteElo "1956"]
[BlackElo "1882"]

1. e4 e5 2. Nf3 Nc6 3. Bc4 Bc5 4. c3 d6 5. d4 exd4 6. cxd4 Nxd4 7. Nxd4 Bd7 8.
Nc3 Qf6 9. Be3 Ne7 10. O-O O-O 11. Kh1 a6 12. a4 Rad8 13. Qd2 Nc6 14. Rad1 Bxd4
15. Bxd4 Nxd4 16. Qxd4 Qxd4 17. Rxd4 1-0